| 000 | 00717mam a2200241 a 4500 | ||
|---|---|---|---|
| 001 | 49445 | ||
| 003 | BD-RjUL | ||
| 005 | 20211209054700.0 | ||
| 008 | 160820s1955 ilu b 001 0 eng | ||
| 035 | _a(OCoLC)ocm00186069 | ||
| 035 | _a(BD-RjUL)49564 | ||
| 040 |
_aDLC _cWSU _dOCL _dSLU _dBD-RjUL _beng |
||
| 041 | _aeng | ||
| 082 | 0 | 0 |
_a371.1 _bKIA 1955 |
| 100 | 1 |
_aKirk, Russell. _9148404 |
|
| 245 | 1 | 0 |
_aAcademic freedom : _ban essay in definition / _cby Russell Kirk. |
| 260 |
_aChicago : _bH. Regnery Co., _c1955. |
||
| 300 |
_a210 p. ; _c22 cm. |
||
| 504 | _aIncludes bibliographical references (p. 201-204) and index. | ||
| 650 | 0 |
_aTeaching, Freedom of. _9144062 |
|
| 942 |
_2ddc _cBK |
||
| 999 |
_c49445 _d49445 |
||